000 00771nam a2200181 i 4500
001 164529
003 ES-MaACL
005 20250928134524.0
008 050805s1898 sp | |||||||| ||spa d
040 _aCAM
_bspa
_cCAM
100 0 _aSan Pelayo y Ladrón de Guevara, Julián de.
_9102293
245 1 3 _aEl general Don José de Urrutia y la guerra con la República Francesa, 1795 /
_cconferencia de Julián de San Pelayo en la Sociedad Bilbaina (segunda parte).
260 _aSevilla :
_b[s.n.],
_c1898 (
_fOficina de E. Rasco)
300 _aXIII, 63 p. ;
_c19 cm.
600 1 7 _aUrrutia y las Casas, José de,
_d1739-1803
_2
_9155272
852 _aES-MaACL
_jT-989-F-6
_z-- Enc. hol. conservando la cub. original
_z-- Enc. en un vol. facticio
999 _c164529
_d164529